[Event "USA-ch"]
[Site "Saint Louis"]
[Date "2017.04.06"]
[Round "8"]
[White "Shabalov, Alexander"]
[Black "Kamsky, Gata"]
[Result "1/2-1/2"]
[WhiteElo "2556"]
[BlackElo "2659"]
[PlyCount "64"]
[EventDate "2017.03.29"]
[EventType "tourn"]
[EventRounds "11"]
[EventCountry "USA"]
[EventCategory "18"]
[SourceTitle "CBM 178"]
[Source "ChessBase"]
[SourceDate "2017.05.14"]
[SourceVersion "1"]
[SourceVersionDate "2017.05.14"]
[SourceQuality "1"]

1. e4 e5 2. Nf3 Nc6 3. Bb5 a6 4. Ba4 Nf6 5. O-O Be7 6. Re1 b5 7. Bb3 O-O 8. c3
d5 9. exd5 Nxd5 10. Nxe5 Nxe5 11. Rxe5 c6 12. d3 Bd6 13. Re1 Bf5 14. Qf3 Qf6
15. Bxd5 cxd5 16. Bf4 Bxf4 17. Qxf4 d4 18. cxd4 Rad8 19. Nc3 Rxd4 20. Ne4 Bxe4
21. Qxf6 gxf6 22. Rxe4 Rxd3 23. Re2 Rfd8 24. f3 Rd1+ 25. Rxd1 Rxd1+ 26. Kf2 Kg7
27. Rc2 h5 28. Ke3 Kg6 29. b3 a5 30. h4 Rh1 31. g3 Rg1 32. Kf4 Rd1 1/2-1/2

[Event "USA-ch"]
[Site "Saint Louis"]
[Date "2017.04.07"]
[Round "9"]
[White "Kamsky, Gata"]
[Black "Shankland, Samuel L"]
[Result "1/2-1/2"]
[WhiteElo "2659"]
[BlackElo "2666"]
[PlyCount "74"]
[EventDate "2017.03.29"]
[EventType "tourn"]
[EventRounds "11"]
[EventCountry "USA"]
[EventCategory "18"]
[SourceTitle "CBM 178"]
[Source "ChessBase"]
[SourceDate "2017.05.14"]
[SourceVersion "1"]
[SourceVersionDate "2017.05.14"]
[SourceQuality "1"]

1. e4 e5 2. Nf3 Nc6 3. Bb5 Nf6 4. O-O Nxe4 5. d4 Nd6 6. Bxc6 dxc6 7. dxe5 Nf5
8. Qxd8+ Kxd8 9. Rd1+ Ke8 10. Nc3 Ne7 11. h3 Ng6 12. b3 Bd7 13. Ne2 Be7 14. Bb2
Nf8 15. c4 Rd8 16. Nfd4 h5 17. f4 h4 18. Bc3 Rh5 19. Be1 a6 20. Bf2 Bc8 21. Be3
Rd7 22. Kf2 Rd8 23. Nc3 Ba3 24. Rab1 Be7 25. Rbc1 Ba3 26. Rb1 Be7 27. Kf3 Ng6
28. Nde2 Nf8 29. Rxd8+ Bxd8 30. Rd1 Be7 31. Ne4 Ne6 32. Nd4 Nf8 33. Kf2 Bd7 34.
Nf3 Ne6 35. Nfg5 Nxg5 36. Nxg5 Bxg5 37. fxg5 c5 1/2-1/2

[Event "USA-ch"]
[Site "Saint Louis"]
[Date "2017.04.08"]
[Round "10"]
[White "So, Wesley"]
[Black "Kamsky, Gata"]
[Result "1/2-1/2"]
[WhiteElo "2822"]
[BlackElo "2659"]
[PlyCount "105"]
[EventDate "2017.03.29"]
[EventType "tourn"]
[EventRounds "11"]
[EventCountry "USA"]
[EventCategory "18"]
[SourceTitle "CBM 178"]
[Source "ChessBase"]
[SourceDate "2017.05.14"]
[SourceVersion "1"]
[SourceVersionDate "2017.05.14"]
[SourceQuality "1"]

1. d4 d5 2. c4 c6 3. Nc3 Nf6 4. cxd5 cxd5 5. Bf4 e6 6. e3 Bd6 7. Bxd6 Qxd6 8.
Bd3 O-O 9. f4 b6 10. Qe2 a5 11. Nf3 Ba6 12. Bxa6 Nxa6 13. Rc1 Nc7 14. O-O Rfc8
15. Rc2 Nce8 16. Rfc1 Qd8 17. Nb5 Ne4 18. Rc6 N4d6 19. b3 Nxb5 20. Qxb5 Nd6 21.
Qd3 f6 22. a4 Rxc6 23. Rxc6 Rc8 24. Qc2 Rxc6 25. Qxc6 Kf7 26. Nd2 h6 27. h3 g5
28. g4 Ke7 29. Kf2 Qb8 30. Kf3 f5 31. Kg2 gxf4 32. exf4 fxg4 33. hxg4 h5 34.
Nf3 hxg4 35. Ne5 Qc8 36. Ng6+ Kf6 37. Qxd6 Qc2+ 38. Kg3 Qxb3+ 39. Kxg4 Qd1+ 40.
Kh4 Qe1+ 41. Kg4 Qe2+ 42. Kg3 Kxg6 43. Qxb6 Kf5 44. Qxa5 Qg4+ 45. Kf2 Qxf4+ 46.
Ke2 Qe4+ 47. Kf1 Qd3+ 48. Ke1 Qe3+ 49. Kf1 Ke4 50. Qb6 Qf3+ 51. Kg1 Qd1+ 52.
Kg2 Qc2+ 53. Kg3 1/2-1/2

[Event "USA-ch"]
[Site "Saint Louis"]
[Date "2017.04.09"]
[Round "11"]
[White "Kamsky, Gata"]
[Black "Onischuk, Alexander"]
[Result "1/2-1/2"]
[WhiteElo "2659"]
[BlackElo "2667"]
[PlyCount "60"]
[EventDate "2017.03.29"]
[EventType "tourn"]
[EventRounds "11"]
[EventCountry "USA"]
[EventCategory "18"]
[SourceTitle "CBM 178"]
[Source "ChessBase"]
[SourceDate "2017.05.14"]
[SourceVersion "1"]
[SourceVersionDate "2017.05.14"]
[SourceQuality "1"]

1. e4 e5 2. Nf3 Nc6 3. Bb5 a6 4. Ba4 Nf6 5. O-O Bc5 6. c3 b5 7. Bb3 d6 8. d4
Bb6 9. a4 Bg4 10. axb5 axb5 11. Rxa8 Qxa8 12. h3 Bh5 13. d5 Ne7 14. Bc2 Qc8 15.
Qe2 O-O 16. Bg5 Ng6 17. Nbd2 h6 18. Be3 Bxe3 19. Qxe3 Bxf3 20. Qxf3 b4 21. Ra1
Qb7 22. g3 Ra8 23. Rxa8+ Qxa8 24. cxb4 Qa1+ 25. Kg2 Qxb2 26. Qb3 Qd4 27. Nf3
Qa7 28. Qc4 Ne7 29. Qb5 g6 30. Qa5 Qb8 1/2-1/2

[Event "Karlsruhe Grenke op"]
[Site "Karlsruhe"]
[Date "2017.04.13"]
[Round "1"]
[White "Kamsky, Gata"]
[Black "Cofman, Veaceslav"]
[Result "1-0"]
[WhiteElo "2668"]
[BlackElo "2146"]
[PlyCount "91"]
[EventDate "2017.04.13"]
[EventType "swiss"]
[EventRounds "9"]
[EventCountry "GER"]
[SourceTitle "CBM 177 Extra"]
[Source "ChessBase"]
[SourceDate "2017.04.27"]
[SourceVersion "1"]
[SourceVersionDate "2017.04.27"]
[SourceQuality "1"]

1. e4 e6 2. Qe2 c5 3. Nf3 Nc6 4. b3 d6 5. g3 Nf6 6. Bg2 Be7 7. O-O O-O 8. Bb2
d5 9. d3 b5 10. Nbd2 a5 11. a4 b4 12. Ne5 Nxe5 13. Bxe5 Bb7 14. f4 dxe4 15.
dxe4 Nd7 16. Bb2 Qc7 17. Rad1 Nb6 18. Qg4 g6 19. f5 exf5 20. exf5 h5 21. Qh3
Bxg2 22. Qxg2 c4 23. Ne4 c3 24. Bc1 Rad8 25. Rde1 Qc6 26. g4 hxg4 27. Qxg4 Nd7
28. h4 Nf6 29. Nxf6+ Qxf6 30. Re4 Bc5+ 31. Kg2 Qc6 32. Qf3 Rde8 33. Rxe8 Qxf3+
34. Kxf3 Rxe8 35. Rd1 Re5 36. fxg6 fxg6 37. Bf4 Rf5 38. Ke4 Be7 39. Rd5 Rf8 40.
Rxa5 Bxh4 41. Rb5 Be7 42. a5 Kf7 43. Rb8 Ke6 44. Rxf8 Bxf8 45. a6 Bc5 46. Be3
1-0

[Event "Karlsruhe Grenke op"]
[Site "Karlsruhe"]
[Date "2017.04.14"]
[Round "2"]
[White "Baenziger, Fabian"]
[Black "Kamsky, Gata"]
[Result "1/2-1/2"]
[WhiteElo "2312"]
[BlackElo "2668"]
[PlyCount "115"]
[EventDate "2017.04.13"]
[EventType "swiss"]
[EventRounds "9"]
[EventCountry "GER"]
[SourceTitle "CBM 177 Extra"]
[Source "ChessBase"]
[SourceDate "2017.04.27"]
[SourceVersion "1"]
[SourceVersionDate "2017.04.27"]
[SourceQuality "1"]

1. d4 Nf6 2. c4 g6 3. Nc3 d5 4. cxd5 Nxd5 5. Bd2 Bg7 6. e4 Nb6 7. Be3 O-O 8.
Bb5 c6 9. Be2 e5 10. dxe5 Qxd1+ 11. Rxd1 Bxe5 12. f4 Bg7 13. Nf3 Be6 14. Nd4
Bc4 15. Bf3 f6 16. Kf2 Re8 17. Rd2 Bf7 18. b3 N8d7 19. Rhd1 Bf8 20. Nde2 Nc5
21. h4 Be7 22. g4 Ne6 23. f5 Nf8 24. g5 Rad8 25. Rxd8 Rxd8 26. Rxd8 Bxd8 27.
Kg3 Nfd7 28. gxf6 Bxf6 29. Bg5 Kg7 30. fxg6 hxg6 31. Kf4 Ne5 32. Nd4 Nbd7 33.
Bxf6+ Kxf6 34. Bg4 Nc5 35. Bc8 a5 36. Nf3 Nxf3 37. Kxf3 Ke5 38. Ke3 b5 39. Ne2
Nxe4 40. Nd4 Bd5 41. Bd7 Nc3 42. Bxc6 b4 43. Bxd5 Kxd5 44. Kd3 Nxa2 45. Ne2 Ke5
46. Ng3 Nc3 47. h5 g5 48. Kc4 Kf6 49. Kc5 g4 50. Kc4 Kg5 51. Kc5 Nd1 52. Kb5
Ne3 53. Kxa5 Nd5 54. Kb5 Nf6 55. Kxb4 Kf4 56. Nf1 Nxh5 57. Kc4 g3 58. Nxg3
1/2-1/2

[Event "Karlsruhe Grenke op"]
[Site "Karlsruhe"]
[Date "2017.04.15"]
[Round "4"]
[White "Satyapragyan, Swayangsu"]
[Black "Kamsky, Gata"]
[Result "1/2-1/2"]
[WhiteElo "2426"]
[BlackElo "2668"]
[PlyCount "70"]
[EventDate "2017.04.13"]
[EventType "swiss"]
[EventRounds "9"]
[EventCountry "GER"]
[SourceTitle "CBM 177 Extra"]
[Source "ChessBase"]
[SourceDate "2017.04.27"]
[SourceVersion "1"]
[SourceVersionDate "2017.04.27"]
[SourceQuality "1"]

1. e4 e5 2. Nf3 Nc6 3. Bc4 Bc5 4. c3 Nf6 5. d3 a6 6. O-O d6 7. a4 h6 8. Re1 O-O
9. h3 Ba7 10. Be3 Bxe3 11. fxe3 a5 12. Nbd2 Kh8 13. Rf1 Nh7 14. Qe1 Be6 15. Qg3
Bxc4 16. Nxc4 Ng5 17. Nh4 d5 18. Nd2 dxe4 19. Nxe4 Nxe4 20. dxe4 Qg5 21. Qe1
Rad8 22. Rf5 Qe7 23. Qf2 Qe8 24. Qg3 Kh7 25. Rff1 f6 26. Qg4 Qf7 27. Rad1 Ne7
28. Rd7 Rxd7 29. Qxd7 Nc8 30. Qg4 Rd8 31. Qf5+ Kg8 32. Qg4 Kh7 33. Qf5+ Kg8 34.
Qg4 Kh7 35. Qf5+ Kg8 1/2-1/2

[Event "Karlsruhe Grenke op"]
[Site "Karlsruhe"]
[Date "2017.04.15"]
[Round "5"]
[White "Kamsky, Gata"]
[Black "Loeffler, Stefan"]
[Result "1-0"]
[WhiteElo "2668"]
[BlackElo "2378"]
[PlyCount "77"]
[EventDate "2017.04.13"]
[EventType "swiss"]
[EventRounds "9"]
[EventCountry "GER"]
[SourceTitle "CBM 177 Extra"]
[Source "ChessBase"]
[SourceDate "2017.04.27"]
[SourceVersion "1"]
[SourceVersionDate "2017.04.27"]
[SourceQuality "1"]

1. d4 Nf6 2. Bf4 d5 3. e3 c5 4. c3 Nc6 5. Nd2 Bf5 6. Qb3 cxd4 7. exd4 Na5 8.
Qa4+ Bd7 9. Qc2 g6 10. Ngf3 a6 11. Bd3 Bg7 12. O-O O-O 13. Rfe1 Rc8 14. h3 Nc6
15. Qb1 Ne8 16. Nb3 Nd6 17. Nc5 Be8 18. a4 a5 19. Bxd6 exd6 20. Nb3 Nb8 21.
Nbd2 Bc6 22. Bb5 Nd7 23. Qd3 Nf6 24. Bxc6 bxc6 25. b4 axb4 26. cxb4 c5 27. b5
Qa5 28. Reb1 c4 29. Qa3 Ne4 30. Nf1 Ra8 31. Rb4 Nc5 32. Ne3 Nb3 33. Rd1 Rfb8
34. Nxd5 Rxb5 35. Ne7+ Kh8 36. Nc6 Qb6 37. Rxc4 Qc7 38. Nce5 Qb7 39. Qxd6 1-0

[Event "Karlsruhe Grenke op"]
[Site "Karlsruhe"]
[Date "2017.04.16"]
[Round "6"]
[White "Studer, Noel"]
[Black "Kamsky, Gata"]
[Result "1/2-1/2"]
[WhiteElo "2486"]
[BlackElo "2668"]
[PlyCount "141"]
[EventDate "2017.04.13"]
[EventType "swiss"]
[EventRounds "9"]
[EventCountry "GER"]
[SourceTitle "CBM 177 Extra"]
[Source "ChessBase"]
[SourceDate "2017.04.27"]
[SourceVersion "1"]
[SourceVersionDate "2017.04.27"]
[SourceQuality "1"]

1. d4 f5 2. g3 Nf6 3. Bg2 g6 4. Nf3 Bg7 5. c4 d6 6. O-O O-O 7. Nc3 c6 8. Qb3
Qb6 9. Qc2 Na6 10. a3 c5 11. d5 Kh8 12. Ng5 Nc7 13. b4 cxb4 14. Na4 Qa6 15.
axb4 b5 16. cxb5 Nxb5 17. Bb2 Bd7 18. Ne6 Bxe6 19. dxe6 Rab8 20. Qb3 Qc8 21.
Rfc1 Qd8 22. Rc6 a5 23. Rac1 axb4 24. Qxb4 Nh5 25. Qd2 Bf6 26. Bd5 Bxb2 27.
Nxb2 Nf6 28. Bf3 Rb6 29. Kg2 Rxc6 30. Rxc6 Nc7 31. Qe3 Qb8 32. Nd3 Ncd5 33. Qd4
Qb5 34. Rc2 Qa5 35. Qb2 Kg8 36. Qb3 Ra8 37. h4 Kg7 38. Nc1 Nb4 39. Rc4 Rb8 40.
Nd3 Nxd3 41. Qxb8 Ne1+ 42. Kh3 Nxf3 43. exf3 Qe1 44. Kg2 Qxe6 45. Ra4 h5 46.
Ra8 Qg8 47. Qb7 Qf7 48. Qc7 Ng8 49. Qd8 Kh7 50. Rb8 Kg7 51. Rb7 Qe6 52. Rc7 Qf7
53. Ra7 Qe6 54. Ra3 Qd5 55. Qc8 Qf7 56. Re3 Qd5 57. Qc3+ Kh7 58. Re2 Qf7 59.
Qd4 Nf6 60. Rb2 Kg7 61. Rb7 Qe6 62. Qc3 Qf7 63. Ra7 Qe6 64. Qb2 Qf7 65. Ra8 Qe6
66. Qb8 Qg8 67. Qb7 Qf7 68. Ra7 Ng8 69. Qd7 Qd5 70. Ra6 Qf7 71. Ra7 1/2-1/2

[Event "Karlsruhe Grenke op"]
[Site "Karlsruhe"]
[Date "2017.04.16"]
[Round "7"]
[White "Kamsky, Gata"]
[Black "Anurag, Mhamal"]
[Result "1-0"]
[WhiteElo "2668"]
[BlackElo "2454"]
[PlyCount "99"]
[EventDate "2017.04.13"]
[EventType "swiss"]
[EventRounds "9"]
[EventCountry "GER"]
[SourceTitle "CBM 177 Extra"]
[Source "ChessBase"]
[SourceDate "2017.04.27"]
[SourceVersion "1"]
[SourceVersionDate "2017.04.27"]
[SourceQuality "1"]

1. d4 Nf6 2. Bf4 g6 3. Nf3 Bg7 4. c3 b6 5. e3 Bb7 6. a4 a6 7. Nbd2 d6 8. h3 O-O
9. Bc4 Nbd7 10. O-O Ra7 11. Re1 Qa8 12. Qb3 h6 13. Bf1 Re8 14. Bh2 e5 15. Red1
g5 16. dxe5 dxe5 17. Qc2 Re7 18. Nc4 Be4 19. Qe2 Qe8 20. Nfd2 Bc2 21. Rdc1 Bg6
22. e4 a5 23. b4 axb4 24. cxb4 Qa8 25. a5 Nxe4 26. Nxe4 Qxe4 27. Qxe4 Bxe4 28.
Na3 c6 29. Nc4 Bd5 30. axb6 Rxa1 31. Rxa1 Bxc4 32. Ra8+ Kh7 33. b7 Bb5 34. Rd8
Kg6 35. g4 Kf6 36. Bxb5 cxb5 37. Rxd7 Re8 38. Bxe5+ Kxe5 39. Re7+ Rxe7 40.
b8=Q+ Kf6 41. Qd8 Ke6 42. Qb6+ Kd7 43. Qxb5+ Kc8 44. Qc6+ Kb8 45. Qd6+ Rc7 46.
b5 Kb7 47. Kg2 Bc3 48. Qa6+ Kb8 49. b6 Rd7 50. Qa4 1-0

[Event "Karlsruhe Grenke op"]
[Site "Karlsruhe"]
[Date "2017.04.17"]
[Round "8"]
[White "Donchenko, Alexander"]
[Black "Kamsky, Gata"]
[Result "1/2-1/2"]
[WhiteElo "2554"]
[BlackElo "2668"]
[PlyCount "57"]
[EventDate "2017.04.13"]
[EventType "swiss"]
[EventRounds "9"]
[EventCountry "GER"]
[SourceTitle "CBM 177 Extra"]
[Source "ChessBase"]
[SourceDate "2017.04.27"]
[SourceVersion "1"]
[SourceVersionDate "2017.04.27"]
[SourceQuality "1"]

1. Nf3 Nf6 2. c4 c6 3. d4 d5 4. e3 g6 5. Nc3 Bg7 6. Be2 O-O 7. O-O a6 8. a4 Bg4
9. Qb3 Ra7 10. a5 dxc4 11. Qxc4 Ne8 12. h3 Bxf3 13. Bxf3 Nd6 14. Qb4 Nb5 15.
Nxb5 axb5 16. d5 Na6 17. Qb3 Nc5 18. Qc2 Na4 19. dxc6 bxc6 20. Ra2 Rxa5 21. Bd2
Ra6 22. b3 Nc5 23. Rxa6 Nxa6 24. Bxc6 Qb6 25. Bf3 Qd6 26. Rd1 Nb4 27. Qb1 e6
28. Be1 Qc5 29. Rc1 1/2-1/2

[Event "Karlsruhe Grenke op"]
[Site "Karlsruhe"]
[Date "2017.04.17"]
[Round "9"]
[White "Kamsky, Gata"]
[Black "Lubbe, Nikolas"]
[Result "1-0"]
[WhiteElo "2668"]
[BlackElo "2500"]
[PlyCount "81"]
[EventDate "2017.04.13"]
[EventType "swiss"]
[EventRounds "9"]
[EventCountry "GER"]
[SourceTitle "CBM 177 Extra"]
[Source "ChessBase"]
[SourceDate "2017.04.27"]
[SourceVersion "1"]
[SourceVersionDate "2017.04.27"]
[SourceQuality "1"]

1. d4 Nf6 2. Nf3 e6 3. Bg5 c5 4. e3 h6 5. Bh4 d5 6. c3 Nc6 7. Nbd2 g5 8. Bg3
Nh5 9. Be5 f6 10. Bg3 g4 11. Ng1 Nxg3 12. hxg3 cxd4 13. exd4 e5 14. Bd3 exd4
15. Bg6+ Ke7 16. Ne2 f5 17. Bh5 Kf6 18. Nb3 dxc3 19. bxc3 Bd6 20. Qd2 Kg7 21.
O-O Rf8 22. Qxd5 Bc7 23. Qxd8 Rxd8 24. f3 Be6 25. fxg4 fxg4 26. Nf4 Bf5 27. Kh2
Bb6 28. Rae1 Rf8 29. Nd4 Nxd4 30. cxd4 Bxd4 31. Re7+ Kf6 32. Ng6 Rg8 33. Rd7
Rxg6 34. Bxg6 Kxg6 35. Rxd4 Rf8 36. Rxg4+ Bxg4 37. Rxf8 Be6 38. a3 a6 39. g4
Bd5 40. Kh3 Bc6 41. g3 1-0

[Event "Reykjavik op"]
[Site "Reykjavik"]
[Date "2017.04.20"]
[Round "2"]
[White "Kamsky, Gata"]
[Black "Maisuradze, Nino"]
[Result "1-0"]
[WhiteElo "2668"]
[BlackElo "2273"]
[PlyCount "69"]
[EventDate "2017.04.19"]
[EventType "swiss"]
[EventRounds "10"]
[EventCountry "ISL"]
[SourceTitle "CBM 178 Extra"]
[Source "ChessBase"]
[SourceDate "2017.06.22"]
[SourceVersion "1"]
[SourceVersionDate "2017.06.22"]
[SourceQuality "1"]

1. Nf3 d5 2. g3 Nf6 3. Bg2 c6 4. b3 Bg4 5. Bb2 Nbd7 6. d3 Qc7 7. Nbd2 e5 8. h3
Bh5 9. g4 Bg6 10. Nh4 Nc5 11. Nxg6 hxg6 12. e3 Ne6 13. Qe2 Bb4 14. a3 Be7 15.
h4 O-O-O 16. g5 Nd7 17. Qg4 Kb8 18. b4 Qd6 19. O-O-O Nb6 20. Nb3 Na4 21. Ba1 d4
22. f4 Nc3 23. Rde1 exf4 24. Nxd4 Nxd4 25. Bxc3 Nf5 26. exf4 Ka8 27. h5 Rhe8
28. Re4 Qd7 29. h6 f6 30. hxg7 fxg5 31. fxg5 Bd6 32. Rxe8 Rxe8 33. Rh8 Qd8 34.
Rxe8 Qxe8 35. Be4 1-0

[Event "Reykjavik op"]
[Site "Reykjavik"]
[Date "2017.04.20"]
[Round "3"]
[White "Kanmazalp, Ogulcan"]
[Black "Kamsky, Gata"]
[Result "1/2-1/2"]
[WhiteElo "2448"]
[BlackElo "2668"]
[PlyCount "65"]
[EventDate "2017.04.19"]
[EventType "swiss"]
[EventRounds "10"]
[EventCountry "ISL"]
[SourceTitle "CBM 178 Extra"]
[Source "ChessBase"]
[SourceDate "2017.06.22"]
[SourceVersion "1"]
[SourceVersionDate "2017.06.22"]
[SourceQuality "1"]

1. e4 g6 2. d4 Bg7 3. Nc3 d6 4. f4 a6 5. Nf3 b5 6. Bd3 Nd7 7. a4 b4 8. Ne2 e6
9. O-O Ngf6 10. e5 Nd5 11. Ng5 Qe7 12. c4 bxc3 13. bxc3 a5 14. Qd2 O-O 15. Ba3
f5 16. Nf3 Rd8 17. exd6 cxd6 18. Ne5 Nb8 19. Rab1 Qc7 20. Nc4 Nc6 21. Ne3 Nce7
22. Rb3 Nxe3 23. Qxe3 Nd5 24. Qd2 e5 25. Rfb1 exd4 26. cxd4 Kh8 27. Kh1 Be6 28.
Rb7 Qc6 29. R7b5 Qc7 30. Rb7 Qc6 31. R7b5 Qc7 32. Rb7 Qc6 33. Qb2 1/2-1/2

[Event "Reykjavik op"]
[Site "Reykjavik"]
[Date "2017.04.21"]
[Round "4"]
[White "Kamsky, Gata"]
[Black "Sundararajan, Kidambi"]
[Result "1-0"]
[WhiteElo "2668"]
[BlackElo "2422"]
[PlyCount "83"]
[EventDate "2017.04.19"]
[EventType "swiss"]
[EventRounds "10"]
[EventCountry "ISL"]
[SourceTitle "CBM 178 Extra"]
[Source "ChessBase"]
[SourceDate "2017.06.22"]
[SourceVersion "1"]
[SourceVersionDate "2017.06.22"]
[SourceQuality "1"]

1. e4 e5 2. Nf3 Nc6 3. Bb5 a6 4. Ba4 Nf6 5. O-O Be7 6. Re1 b5 7. Bb3 d6 8. c3
O-O 9. d4 Bg4 10. d5 Na5 11. Bc2 c6 12. h3 Bc8 13. dxc6 Qc7 14. Nbd2 Qxc6 15.
Nf1 Be6 16. Ng3 Rfe8 17. a4 h6 18. Nh4 d5 19. axb5 axb5 20. exd5 Bxd5 21. Rxe5
Bd6 22. Rxe8+ Rxe8 23. Ngf5 Bc7 24. Be3 Nc4 25. Bd4 Be4 26. Bxe4 Qxe4 27. Bxf6
Nxb2 28. Qb1 gxf6 29. Qxe4 Rxe4 30. Ra8+ Kh7 31. g3 Be5 32. Rf8 Rxh4 33. Nxh4
Bxc3 34. Rxf7+ Kg8 35. Rb7 b4 36. Nf5 Nd3 37. Kf1 Kf8 38. Nxh6 Nc1 39. Nf5 b3
40. Ne3 Bd4 41. Nc4 f5 42. f4 1-0

[Event "Reykjavik op"]
[Site "Reykjavik"]
[Date "2017.04.22"]
[Round "5"]
[White "Ris, Robert"]
[Black "Kamsky, Gata"]
[Result "0-1"]
[WhiteElo "2419"]
[BlackElo "2668"]
[PlyCount "100"]
[EventDate "2017.04.19"]
[EventType "swiss"]
[EventRounds "10"]
[EventCountry "ISL"]
[SourceTitle "CBM 178 Extra"]
[Source "ChessBase"]
[SourceDate "2017.06.22"]
[SourceVersion "1"]
[SourceVersionDate "2017.06.22"]
[SourceQuality "1"]

1. d4 Nf6 2. c4 g6 3. g3 c6 4. Bg2 d5 5. e3 Bg7 6. Ne2 O-O 7. O-O e6 8. b3 b6
9. Bb2 a5 10. Nd2 Ba6 11. Qc2 Nbd7 12. Rfd1 Qc7 13. Nf4 Rac8 14. Rac1 Qb8 15.
Qb1 Rfe8 16. Nf3 b5 17. cxd5 cxd5 18. Bf1 Qb7 19. Nd3 b4 20. Rd2 Ne4 21. Rdc2
Bf8 22. Nfe5 Nxe5 23. dxe5 Ng5 24. Bd4 Nf3+ 25. Kg2 Nxd4 26. exd4 Rxc2 27. Qxc2
Rc8 28. Qxc8 Qxc8 29. Rxc8 Bxc8 30. f4 Be7 31. Kf3 h6 32. Ke3 Bd7 33. Ne1 Kg7
34. Nf3 g5 35. Bd3 f6 36. fxg5 hxg5 37. exf6+ Kxf6 38. Ne5 Be8 39. Ng4+ Kg7 40.
Bc2 Bd6 41. Ne5 Bc7 42. h3 Bh5 43. Bd3 Kf6 44. Ng4+ Bxg4 45. hxg4 Bb6 46. Bh7
Kg7 47. Bd3 e5 48. Bf5 Bxd4+ 49. Kd3 Kf6 50. Bh7 Bb6 0-1

[Event "Reykjavik op"]
[Site "Reykjavik"]
[Date "2017.04.23"]
[Round "6"]
[White "Kamsky, Gata"]
[Black "Almasi, Zoltan"]
[Result "1/2-1/2"]
[WhiteElo "2668"]
[BlackElo "2696"]
[PlyCount "72"]
[EventDate "2017.04.19"]
[EventType "swiss"]
[EventRounds "10"]
[EventCountry "ISL"]
[SourceTitle "CBM 178 Extra"]
[Source "ChessBase"]
[SourceDate "2017.06.22"]
[SourceVersion "1"]
[SourceVersionDate "2017.06.22"]
[SourceQuality "1"]

1. d4 Nf6 2. Bf4 g6 3. Nf3 Bg7 4. c3 O-O 5. e3 d6 6. h3 c5 7. dxc5 dxc5 8. Qxd8
Rxd8 9. Nbd2 Nc6 10. Bc7 Rd7 11. Bh2 Rd8 12. a4 Bd7 13. Be2 Rac8 14. a5 h6 15.
O-O Bf5 16. Rfd1 Bc2 17. Rdc1 Bf5 18. Ra4 Bd3 19. Kf1 Bxe2+ 20. Kxe2 Nd7 21.
Nc4 b5 22. axb6 Nxb6 23. Nxb6 axb6 24. Ra6 b5 25. Rd1 Rxd1 26. Kxd1 f5 27. Kc2
Kf7 28. Nd2 Nd8 29. Ra5 b4 30. Nc4 bxc3 31. bxc3 Ne6 32. Ra7 Rd8 33. Nb6 g5 34.
f3 Bf6 35. Ra8 Rxa8 36. Nxa8 Nf8 1/2-1/2

[Event "Reykjavik op"]
[Site "Reykjavik"]
[Date "2017.04.24"]
[Round "7"]
[White "Giri, Anish"]
[Black "Kamsky, Gata"]
[Result "1/2-1/2"]
[WhiteElo "2771"]
[BlackElo "2668"]
[PlyCount "64"]
[EventDate "2017.04.19"]
[EventType "swiss"]
[EventRounds "10"]
[EventCountry "ISL"]
[SourceTitle "CBM 178 Extra"]
[Source "ChessBase"]
[SourceDate "2017.06.22"]
[SourceVersion "1"]
[SourceVersionDate "2017.06.22"]
[SourceQuality "1"]

1. d4 Nf6 2. c4 e6 3. Nf3 b6 4. g3 Ba6 5. b3 Bb4+ 6. Bd2 Be7 7. Nc3 c6 8. e4 d5
9. Qc2 dxe4 10. Nxe4 Nbd7 11. Nxf6+ Bxf6 12. O-O-O c5 13. d5 exd5 14. cxd5 Bxf1
15. Re1+ Kf8 16. Rhxf1 b5 17. Re4 g6 18. Bh6+ Bg7 19. Bxg7+ Kxg7 20. Qb2+ Qf6
21. Re7 Nb6 22. d6 Qxb2+ 23. Kxb2 Rhd8 24. Rd1 Nc8 25. Rc7 Nxd6 26. Ng5 Kg8 27.
Rxc5 h6 28. Rcd5 hxg5 29. Rxd6 Rxd6 30. Rxd6 Kg7 31. f3 Rh8 32. Rd2 Kf6 1/2-1/2

[Event "Reykjavik op"]
[Site "Reykjavik"]
[Date "2017.04.25"]
[Round "8"]
[White "Kamsky, Gata"]
[Black "Friedel, Joshua E"]
[Result "1/2-1/2"]
[WhiteElo "2668"]
[BlackElo "2524"]
[PlyCount "73"]
[EventDate "2017.04.19"]
[EventType "swiss"]
[EventRounds "10"]
[EventCountry "ISL"]
[SourceTitle "CBM 178 Extra"]
[Source "ChessBase"]
[SourceDate "2017.06.22"]
[SourceVersion "1"]
[SourceVersionDate "2017.06.22"]
[SourceQuality "1"]

1. e4 e5 2. Nf3 Nc6 3. Bb5 a6 4. Ba4 d6 5. c3 Bd7 6. O-O g6 7. d4 Bg7 8. Re1
Nf6 9. Bg5 O-O 10. Nbd2 h6 11. Bh4 Qe8 12. dxe5 Nxe5 13. Bc2 Nh5 14. Nxe5 dxe5
15. Qf3 Nf4 16. Nc4 Be6 17. Bb3 Qb5 18. Na3 Qc6 19. Bg3 Bxb3 20. axb3 Qe6 21.
Nc4 Nh5 22. Qe2 Rfd8 23. b4 Nxg3 24. hxg3 h5 25. Na5 b6 26. Nc4 b5 27. Na5 Bf8
28. Red1 c5 29. Rxd8 Rxd8 30. bxc5 Bxc5 31. Nb7 Rc8 32. Nxc5 Rxc5 33. Rd1 Kg7
34. Rd8 b4 35. cxb4 Rc1+ 36. Rd1 Qc4 37. Qxc4 1/2-1/2

[Event "Reykjavik op"]
[Site "Reykjavik"]
[Date "2017.04.26"]
[Round "9"]
[White "Perelshteyn, Eugene"]
[Black "Kamsky, Gata"]
[Result "0-1"]
[WhiteElo "2509"]
[BlackElo "2668"]
[PlyCount "106"]
[EventDate "2017.04.19"]
[EventType "swiss"]
[EventRounds "10"]
[EventCountry "ISL"]
[SourceTitle "CBM 178 Extra"]
[Source "ChessBase"]
[SourceDate "2017.06.22"]
[SourceVersion "1"]
[SourceVersionDate "2017.06.22"]
[SourceQuality "1"]

1. e4 c5 2. Nf3 Nc6 3. d4 cxd4 4. Nxd4 Qb6 5. Nb3 Nf6 6. Nc3 e6 7. Bd3 a6 8.
Be3 Qc7 9. f4 d6 10. Qf3 b5 11. g4 Nb4 12. a3 Nxd3+ 13. cxd3 Bb7 14. Rc1 Qd8
15. O-O Be7 16. Nd4 g6 17. b4 Rc8 18. Nde2 Nd7 19. Bd4 O-O 20. f5 Bg5 21. Rcd1
Bf6 22. Bxf6 Qxf6 23. fxe6 Qxe6 24. Nf4 Qf6 25. Nfd5 Qxf3 26. Rxf3 Kg7 27. Rdf1
Ne5 28. Rg3 h6 29. h3 Bxd5 30. Nxd5 Rc2 31. d4 Nc4 32. Rgf3 Re2 33. Nc3 Rd2 34.
Rd1 Rxd1+ 35. Nxd1 Nd2 36. Rc3 Nxe4 37. Rc6 f5 38. gxf5 Rxf5 39. Nc3 Nxc3 40.
Rxc3 Rf4 41. Rc6 Rxd4 42. Rxa6 Kf6 43. Ra5 Rd5 44. a4 Rg5+ 45. Kf2 bxa4 46.
Rxa4 Rb5 47. Kf3 Ke6 48. h4 Kd5 49. Kf4 Rb6 50. Ke3 Kc4 51. b5+ Kc5 52. Ra8
Rxb5 53. Rg8 Rb4 0-1